Statystyki dla Europejskie Hymny Narodowe- Dopasuj Państwo do Tytułu Hymnu

Kliknij tutaj aby rozwiązać quiz!

Ogólne statystyki

  • Ten quiz został rozwiązany 255 razy
    (198 od ostatniego zresetowania)
  • Średni wynik to 18 z 43

Statystyki odpowiedzi

Hymn NarodowyPrzetłumaczony tytułNazwa państwa% Poprawnych
La MarseillaiseMarsyliankaFrancja
99%
Das DeutschlandliedPieśń (...)Niemcy
95%
Mazurek DąbrowskiegoMazurek DąbrowskiegoPolska
95%
God Save the QueenBoże, chroń KrólowąWielka Brytania
95%
Государственный гимн Российской Федерации (Gosudarstwiennyj gimn Rossijskoj Fiedieracyi)Hymn Państwowy Federacji (...)Rosja
94%
Ще не вмерла Україна (Szcze ne wmerła Ukrajiny ni sława, ni wola)Jeszcze (...) nie umarłaUkraina
92%
PortugalkaPieśń (...)Portugalia
91%
Dievs, svētī LatvijuBoże, błogosław (...)Łotwa
83%
Schweizer PsalmPsalm (...)Szwajcaria
78%
Marcha RealMarsz KrólewskiHiszpania
77%
Државна химна Босне и Херцеговине (Državna himna Bosne i Hercegovine)Hymn państwowy (...)Bośnia i Hercegowina
74%
L-Innu MaltiHymn (...)Malta
68%
Дзяржаўны гімн Рэспублікі Беларусь (Dziarżauny himn Respubliki Biełaruś)Państwowy hymn Republiki (...)Białoruś
63%
Денес Над Македонија (Denes nad Makedonija)Dziś nad (...)Macedonia Północna
57%
Wilhelmus van NassouweWilhelm z NassauHolandia
50%
Isten, áldd meg a magyartBoże zbaw (...)Węgry
43%
Ύμνος είς την Ελευθερίαν (Imnos is tin Eleftherian)Hymn do wolnościGrecja
40%
Nad Tatrou sa blýskaNad Tatrami błyska sięSłowacja
39%
Oben am jungen RheinNad młodym RenemLiechtenstein
38%
Land der Berge, Land am StromeKraju gór, kraju na rzekąAustria
35%
Lijepa naša domovinoPiękno ojczyzno naszaChorwacja
35%
Мила Родино (Mila Rodino)Droga ojczyznoBułgaria
33%
LofsöngurHymn pochwalnyIslandia
33%
Der er et yndigt land / Kong KristianJest taki piękny kraj / Król Kristian (Chrystian)Dania
32%
Deșteaptă-te, românePrzebudź się (...)Rumunia
29%
Du gamla, du fria / Ur svenska hjärtans djup en gångO, dawna, o, wolna / Z głębin (...) sercSzwecja
27%
ZdravljicaToastSłowenia
25%
Kde domov můjGdzie jest dom mójCzechy
23%
BrabançonneBrabantkaBelgia
21%
MaammeNasz krajuFinlandia
20%
Ja, vi elsker dette LandetTak, kochamy ten krajNorwegia
19%
Боже правде (Bože pravde)Sprawiedliwy bożeSerbia
19%
Amhrán na bhFiann / The Soldier's SongŻołnierska pieśćIrlandia
18%
Tautiška giesmėPieśń narodowaLitwa
17%
Mu isamaa, mu õnn ja rõõmMoja rodzinna ziemia, moje szczęście i radośćEstonia
16%
свијетла мајска зоро (Oj, svijetla majska zoro)O jasna majowa jutrzenkoCzarnogóra
13%
Европа (Europa)EuropaKosowo
12%
Inno NazionaleHymn narodowySan Marino
12%
Hymni i FlamuritHymn o fladzeAlbania
10%
El Gran CarlemanyWielki KarlomanAndora
10%
Ons HéméchtNasza ojczyznaLuksemburg
4%
Limba NoastraNasz językMołdawia
4%
A Marcia de MuneghuMarsz (...)Monako
4%

Rozkład punktacji

Percentyl według liczby udzielonych odpowiedzi

Procent ludzi z każdym wynikiem

Twoja historia wyników

Nie rozwiązałeś tego quizu od ostatniego zresetowania